| 000 | 01474 a2200253 4500 | ||
|---|---|---|---|
| 001 | 60387 | ||
| 005 | 20260407155854.0 | ||
| 008 | 260407a2010 arg spa d | ||
| 003 | AR-UNSa-BCEJYS | ||
| 040 |
_aAR-UNSa-BCEJYS _bspa _cAR-UNSa-BCEJYS |
||
| 080 |
_a657 _xContabilidad |
||
| 245 | 1 | 0 |
_aTemas de contabilidad superior _pAnálisis doctrinario. Normas locales. Normas Internacionales |
| 020 | _a978-987-03-1765-4 | ||
| 264 | 1 |
_aBuenos Aires : _bLa Ley _c2010 |
|
| 300 |
_axxiii, 171 p. _c24 cm. |
||
| 505 | _a1. Hacia la internacionalización de las Normas Contables Profesionales - 2. Normas contables profesionales en Argentina/ Nuevo escenario – 3. Marco conceptual – 4. Estados Contables en Moneda Homogénea – 5. Inventario (Bienes de Cambio) – 6. Propiedades, planta y equipo (Bienes de Uso) – 7. Deterioro del valor de los Activos – 8. Arrendamientos – 9. Impuesto a las Ganancias – 10. Provisiones, Activos Contingentes y Pasivos Contingentes – 11. Hechos ocurridos después de la fecha del balance – 12. Caso práctico de segmentos operativos – 13. Ganancia por acción – 14. Información a presentar sobre partes relacionadas - | ||
| 041 | _aspa | ||
| 942 | _cBK | ||
| 590 | _aniveau_biblio:m niveau_hierar:0 | ||
| 100 | 1 | _aSlosse, Carlos Alberto | |
| 700 | 1 | _aGamondés, Santiago F. | |
| 700 | 1 | _aNigro, Jorge O. | |
| 856 | 4 | 1 |
_uhttp://www.biblioeco.unsa.edu.ar/pmb/images/libros/L129370.jpg _yImagen de portada _qimage/jpeg |
| 999 |
_c6956 _d6956 |
||